1953 1083 1440 1863 1212 1701 1802 1272 1674 1102 1832 1541 1739 1265 1391 1495 1285 1029 1802 1097 1481 1926 1555 1597 1176 1572 1577 1354 1553 1489 1316 1288 1562 1327 1211 1378 1223 1974 1502 1006 1270 1686 1692 1163 1661 1189 1637 1579 1796 1563 1331 1698 1246 1332 1242 1426 1918 1360 1153 1854 1176 1791 1520 1012 1276 1322 1517 1160 1691 1511 1832 1446 1050 1358 1329 1018 1254 1319 1179 1090 1907 1061 1432 1187 1715 1055 1636 1295 1307 1891 1865 1142 1718 1895 1793 1351 1397 1123 1635 BCNSPRNW ULIB Ver.6.0+V

เปลี่ยนเป็นภาษาไทย

Change to English
 แสดงรายละเอียดบรรณานุกรม
  กลับหน้าหลัก

Brief Record : Get Marc (ISO 2709) : E-mail record : QR code < ปิดหน้าต่าง
LEADER : 00000nam 2200000uu 4500
001    13399111557
003     ULIB
008    110701s||||||||th 000 0 tha d
020    9789747322828
050  4 BQ4570.F5^bพ355ม 2551
100 0  พระไพศาล วิสาโล,^d2500-
245 10 มีใจเป็นมิตร มีจิตเป็นเพื่อน :^bธรรมบรรยาย 1 /^cบรรยาย,พระไพศาล วิสาโล; บรรณาธิการ, นิพนธ์ แจ่มดวง
250    พิมพ์ครั้งที่ 3
260    กรุงเทพฯ :^bสวนเงินมีมา,^c2550
300    137 หน้า :^bภาพประกอบสี ;^c17 ซม.
440  0 ชุดศาสนธรรม
650  7 การดำเนินชีวิต
650  7 ธรรมะกับชีวิตประจำวัน
650  7 มิตรภาพ^xแง่ศาสนา^xพุทธศาสนา
700 0  นิพนธ์ แจ่มดวง,^eบรรณาธิการ
945    ^p120^l0^i027986
995    ทศพร
999 ^a ใช้งานได้ทุกระบบ
รายการนี้ยังไม่มีแท็ก
คุณยังไม่ได้ล็อกอิน คุณสามารถมีกิจกรรมร่วมกับเว็บไซต์ได้ แต่ต้องล็อกอินก่อน ::
  ล็อกอิน

รายการสื่อสารสนเทศ

ลำดับที่ ประเภท เลขเรียก/บาร์โค้ด สถานที่ สถานะ
- ไม่พบข้อมูล -

รายการใกล้เคียง
    หัวเรื่อง [การดำเนินชีวิต]
    หัวเรื่อง [ธรรมะกับชีวิตประจำวัน]

BibComment


ยังไม่เคยถูกคอมเมนท์

คอมเมนท์ทรัพยากรรายการนี้
  คอมเมนท์: มีใจเป็นมิตร มีจิ..


 Copyright 2026. Bcnsprnw @Library